000 00712nam a22002177a 4500
003 OSt
005 20160913174343.0
008 160401b xxu||||| |||| 00| 0 eng d
020 _a978-1-444-30885-3
040 _cLIC
082 _22010
_aDC 331.04
_bIn28
245 _aIndustrial relations :
_btheory and practice /
_cedited by Trevor Colling and Michael Terry.
250 _aThird Edition
260 _aChichester, West Sussex :
_bJohn Wiley & Sons,
_cc2010.
300 _axvi, 477 pages:
_billustrations ;
_c25 cm.
365 _b5,877.00
_cPhp
500 _aIncludes bibliographical references and index.
650 0 _94635
_aIndustrial relations.
700 _94637
_aTerry, Michael.
942 _2ddc
_cDC
999 _c1509
_d1509